Hazbin Hotel - Respectless Lyrics - Statistics

General Stats
  • This quiz has been taken 101 times
  • The average score is 151 of 207
Answer Stats
Hint Answer % Correct
Carmilla: You
98%
you
98%
a
96%
I
96%
No
96%
no
96%
and
94%
And
94%
I'm
94%
one
94%
respect
94%
show
94%
so
94%
that
94%
the
94%
your
94%
back
93%
it
93%
some
93%
to
93%
Zestial
93%
better
91%
#bitch
91%
Check
91%
not
91%
speaks
91%
who
91%
Did
89%
do
89%
Do
89%
got
89%
needs
89%
new
89%
twisted
89%
Vees
89%
way
89%
attitude
87%
but
87%
Maybe
87%
what
87%
display
85%
expect
85%
missed
85%
of
85%
sit
85%
take
85%
us
85%
act
83%
behavior
81%
will
81%
You've
81%
you've
81%
backbone
80%
please
80%
Zestial: We
80%
nothin'
78%
than
78%
when
78%
over
76%
respectless
76%
insolent
74%
are
72%
less
72%
this
72%
Carmilla: This
72%
brazen
70%
'cause
69%
'Cause
69%
could
69%
can't
65%
its
65%
Overlords
65%
fight
63%
for
63%
scared
63%
too
63%
more
61%
Since
61%
Sorry
61%
without
61%
(Woo!)
61%
attendin'
59%
eat
59%
heed
59%
Mad
59%
breakfast
57%
head
57%
intelligence
57%
past
57%
ain't
56%
angel's
56%
group
56%
lost
56%
trendin'
56%
acted
54%
bein'
54%
Well
54%
You're
54%
Velvette: Haha!
52%
long
52%
right
52%
swipin'
52%
war
52%
lot
50%
wonder
50%
don't
48%
relevance
48%
Velvette: Ugh!
48%
warned
48%
been
46%
nerve
46%
uninformed
46%
inane
44%
Velvette: Oops!
44%
strike
44%
out
43%
Smug
43%
wannabes
43%
brought
41%
face
41%
red
41%
why
41%
bae
39%
is
39%
my
39%
turnin'
39%
Couldn't
37%
help
37%
meeting's
37%
observe
37%
wrinkled
37%
guns
35%
sell
35%
was
35%
avoidin'
33%
have
33%
Thanks
30%
disclosure
28%
That's
28%
know
26%
suspect
26%
headless
24%
thing
24%
starting
22%
No matching quizzes found
Score Distribution
Percent of People with Each Score
Percentile by Number Answered
Your Score History
You have not taken this quiz